| 000 | 00598nab a22001937a 4500 | ||
|---|---|---|---|
| 001 | 24529 | ||
| 003 | KOHA_MİRAKIL | ||
| 005 | 20230714053216.0 | ||
| 008 | 230712b tu ||||| |||| 00| 0 tur d | ||
| 020 | _a000-000-1152 | ||
| 040 |
_aTR-AnANB _btur _cTR-AnANB |
||
| 090 | _aSelçuk Üniversitesi Hukuk Fakültesi Dergisi 2015 Sayı-2 | ||
| 245 | 0 |
_aKamuyu Aydınlatma Belgelerinden doğan Hukuki Sorumluluk / _cM.Sencer Kara. |
|
| 250 | _a1.Basım | ||
| 260 |
_aKonya: _bSelçuk Üniversitesi Hukuk Fakültesi , _c2015. |
||
| 300 | _aSayfa 131-172 | ||
| 310 | _aAltı Aylık | ||
| 942 |
_2ddc _cAR |
||
| 999 |
_c26957 _d26957 |
||